00749nam a2200265Ia 4500008004100000020001300041050001000054050001400064100002000078245003700098245008200135245002000217260001000237260001700247260000900264300002200273300002000295300001000315500005100325650003700376650001700413650002300430700001100453999001900464170711s9999 xx 000 0 und d a71361073 a338.5 bS547 2000 aShepard, Steven aTelecommunications convergence : bhow to profit from the convergence of technologies, services, and companies / cSteven Shepard. aUSA : bMcGrow Hill, c2000 axlii, 371 pages : billustrations ; c23cm. aIncludes appendix, online resources and index. aConvergence (Telecommunication). aConvergence. aTelecommunication. aTitle. c339639d339639